Návrh nařízení o společné evropské právní úpravě prodeje
Nariadenie Európskeho parlamentu a Rady na spoločnú európsku právnu úpravu predaja finančných služieb. Niektoré súvislosti vo vzťahu k platnému zmluvnému právu členských štátov EÚ.
Enregistré dans:
| Auteur principal: | |
|---|---|
| Format: | Chapitre de livre |
| Langue: | tchèque |
| Sujets: | |
| Tags: |
Pas de tags, Soyez le premier à ajouter un tag!
|
MARC
| LEADER | 00000naa a2200000 4500 | ||
|---|---|---|---|
| 001 | 0146092 | ||
| 005 | 20190509111733.6 | ||
| 041 | 0 | |a cze | |
| 044 | |a CZ | ||
| 245 | 1 | 0 | |a Návrh nařízení o společné evropské právní úpravě prodeje |c Jaroslav Mesršmíd |
| 520 | |a Nariadenie Európskeho parlamentu a Rady na spoločnú európsku právnu úpravu predaja finančných služieb. Niektoré súvislosti vo vzťahu k platnému zmluvnému právu členských štátov EÚ. | ||
| 610 | 2 | 0 | |a Európska únia |
| 610 | 2 | 0 | |a Európsky parlament |
| 610 | 2 | 0 | |a Európska komisia |
| 610 | 2 | 0 | |a zmluvy medzinárodné |
| 610 | 2 | 0 | |a právo poistné |
| 610 | 2 | 0 | |a služby finančné |
| 610 | 2 | 0 | |a trh spoločný |
| 610 | 2 | 0 | |a spolupráca medzinárodná |
| 100 | 1 | |a Mesršmíd, Jaroslav | |